000 00320 a2200145 4500
001 59350
020 _a8532238106
040 _cAnchieta - Pituba
100 _aBandeira, Pedro
240 1 0 _aO poeta e o cavaleiro
_lpor
245 1 0 _aO poeta e o cavaleiro
300 _a93
650 4 _aLiteratura juvenil
942 _cBK
999 _c59350
_d59350